000 00601nam a2200193Ia 4500
005 20260704175958.0
008 260704s9999||||xx |||||||||||||| ||und||
020 _a9781844132195
_qpbk
082 _a204.4
_bCHO
100 _aChopra, Deepak
245 0 _aSynchro destiny : harnessing the infinite power of coincidence to create miracles
260 _aLondon
_bRider/Penguin Random House
_c2005
300 _a302p. ; 20cm.
653 _aSelf-realization
653 _aSpiritual life
653 _aSuccess — Psychological aspects
653 _aSuccess — Psychological aspects
942 _cBK
999 _c57400
_d57400